00905cam a22002411 4500001001300000003000400013005001700017008004100034010001700075035001900092040005400111050001700165082000800182100004700190245008400237260005800321300005300379490006900432500001700501500007600518650005200594999001700646gs 46000023 DLC20260227111351.0790612s1946 sdub s000 0 eng c ags 46000023  a(OCoLC)5057612 aU.S. Geol. Survey. LibrarycTxCMdOCoLCdDLCdWaU00aQE164.J3bR7 a5511 aRothrock, E. P.q(Edgar Paul),d1889-1977.14aThe surface of a portion of the James basin in South Dakota,cby E.P. Rothrock. aVermillion, S.D.,bUniversity of South Dakota,c1946. a2 p. l., 21 p.bmaps (2 fold. in pocket)c28 cm.0 aSouth Dakota. State geologist. Report of investigations,vno. 54 aCover-title. aAt head of title: State of South Dakota ... State Geological Survey ... 0aPhysical geographyzJames River (N.D. and S.D.) c28059d28059